| 000 | 01276nam a2200289 i 4500 | ||
|---|---|---|---|
| 003 | DO-SdBNP | ||
| 005 | 20250211102200.0 | ||
| 006 | a||||gr|||| 00| 0 | ||
| 007 | ta | ||
| 008 | 130903s1986 cu a 000 0 spa d | ||
| 020 | _a978994518642 (impreso) | ||
| 020 | _a9789945185201 (en línea) | ||
| 040 |
_aDO-SdBNP _bspa _cBNPHU _erda |
||
| 082 | 4 |
_222 _bC794t |
|
| 100 | 1 |
_aMendoza, Marvin _eautor _985620 |
|
| 245 | 0 | 0 |
_aTodo sobre las carreras universitarias en República Dominicana : _buna guía práctica para tomar mejores decisiones / _cMarvin Cardoza; prólogo de Pavel Isa Contreras. |
| 264 |
_a[Santo Domingo] : _b[no identificado], _c2024 |
||
| 300 |
_a362 páginas ; _bilustraciones ; _c23 cm. |
||
| 336 |
_2rdacontent _atexto _btxt |
||
| 337 |
_2rdamedia _asin mediación _bnc |
||
| 338 |
_2rdacarrier _avolumen _bnc |
||
| 500 | _aIncluye datos biográficos del autor en la contracubierta. | ||
| 505 |
_aPrólogo. _tAntes de elegir tu carrera profesional.-- Ciencias Agropecuarias.-- Ciencias de la Salud y la Sanidad.-- Ciencias Naturales y Exactas.-- Ciencias Sociales.-- Humanidades.-- Ingenierías, Tecnologías, Arquitectura y otras. |
||
| 590 | _aInventariado 2024 / MF | ||
| 700 | 1 |
_aIsa Contreras, Pavel _d1968- _eprólogo _938198 |
|
| 942 |
_2ddc _cLBS1 |
||
| 999 |
_c40091 _d40091 |
||